[Event "Tradewise Gibraltar Masters 14th"]
[Site "Gibraltar"]
[Date "2016.02.04"]
[Round "10.5"]
[White "Yu Yangyi"]
[Black "Jones, Gawain C B"]
[Result "0-1"]
[WhiteElo "2747"]
[BlackElo "2625"]
[PlyCount "94"]
[EventDate "2016.01.26"]
[EventType "swiss"]
[EventRounds "10"]
[EventCountry "GGB"]
[Source "www.saund.co.uk"]
[SourceDate "2005.02.07"]

1. e4 c5 2. Nf3 d6 3. d4 cxd4 4. Nxd4 Nf6 5. Nc3 g6 6. Be3 Bg7 7. f3 Nc6 8. Qd2
O-O 9. Bc4 Bd7 10. Bb3 Rc8 11. O-O-O Nxd4 12. Bxd4 b5 13. e5 dxe5 14. Bxe5 Bc6
15. Qxd8 Rfxd8 16. Ne2 Bh6+ 17. Kb1 Nd7 18. Bd4 a5 19. a3 b4 20. axb4 axb4 21.
Rhe1 e5 22. Bf2 Nf6 23. Bg3 Bd2 24. Rg1 e4 25. Be5 exf3 26. gxf3 Bxf3 27. Bxf6
Bxe2 28. Bxd8 Rxd8 29. c3 Bxd1 30. Rxd1 Rb8 31. Kc2 Bf4 32. Rd7 Rf8 33. h3 bxc3
34. bxc3 Kg7 35. Bd5 g5 36. c4 Kg6 37. c5 h5 38. c6 f5 39. c7 Rc8 40. Kd3 g4
41. hxg4 hxg4 42. Bb7 Rxc7 43. Rxc7 Bxc7 44. Ke3 Kg5 45. Bc8 f4+ 46. Ke4 Kh4
47. Kf5 g3 0-1

[Event "Tradewise Gibraltar Masters 14th"]
[Site "Gibraltar"]
[Date "2016.02.04"]
[Round "10.6"]
[White "Jakovenko, Dmitry"]
[Black "Vidit, Santosh Gujrathi"]
[Result "1/2-1/2"]
[WhiteElo "2732"]
[BlackElo "2642"]
[PlyCount "93"]
[EventDate "2016.01.26"]
[EventType "swiss"]
[EventRounds "10"]
[EventCountry "GGB"]
[Source "www.saund.co.uk"]
[SourceDate "2005.02.07"]

1. c4 c5 2. Nf3 Nf6 3. Nc3 d5 4. cxd5 Nxd5 5. e4 Nb4 6. Bc4 Nd3+ 7. Ke2 Nf4+ 8.
Kf1 Nd3 9. Qe2 Nxc1 10. Rxc1 e6 11. h4 Nc6 12. e5 Bd7 13. Rh3 Qb6 14. b3 O-O-O
15. Qe3 Be8 16. Be2 Kb8 17. Na4 Qa5 18. Nxc5 Qxa2 19. Qc3 Qa5 20. Qxa5 Nxa5 21.
b4 Nc6 22. b5 Nb4 23. d4 Nd5 24. Ng5 h6 25. Nge4 Be7 26. Rb3 Nb6 27. Rb4 f6 28.
exf6 gxf6 29. Bf3 Bf7 30. Ng3 Rc8 31. Rbb1 Rc7 32. Bh5 Bxh5 33. Nxh5 e5 34. Ne6
Rd7 35. Rd1 Nd5 36. dxe5 fxe5 37. Rd3 Rd6 38. Re1 Nc7 39. Rxd6 Bxd6 40. Nxc7
Kxc7 41. Nf6 a5 42. bxa6 bxa6 43. Ng4 a5 44. Nxe5 Rf8 45. Rc1+ Kb7 46. Nc4 Bb4
47. g3 1/2-1/2

[Event "Tradewise Gibraltar Masters 14th"]
[Site "Gibraltar"]
[Date "2016.02.04"]
[Round "10.7"]
[White "Grandelius, Nils"]
[Black "Ragger, Markus"]
[Result "1/2-1/2"]
[WhiteElo "2635"]
[BlackElo "2689"]
[PlyCount "147"]
[EventDate "2016.01.26"]
[EventType "swiss"]
[EventRounds "10"]
[EventCountry "GGB"]
[Source "www.saund.co.uk"]
[SourceDate "2005.02.07"]

1. Nf3 c5 2. c4 Nf6 3. Nc3 Nc6 4. d4 cxd4 5. Nxd4 e6 6. g3 Qb6 7. Ndb5 Ne5 8.
Bg2 a6 9. Qa4 Rb8 10. Na3 Bxa3 11. Qxa3 Nxc4 12. Qb3 Qxb3 13. axb3 Ne5 14. Bf4
d6 15. O-O-O Ke7 16. Rxd6 Ng6 17. Rd8 Rxd8 18. Bxb8 Bd7 19. Ba7 Rc8 20. Kb1 Bc6
21. e4 Rd8 22. Bb6 Rd7 23. Re1 Ke8 24. Re2 Rd6 25. Bc5 Rd8 26. f3 Ne5 27. Be3
b5 28. Rd2 Rxd2 29. Bxd2 Bb7 30. Kc2 Nc6 31. Ne2 Nd7 32. Be3 Ke7 33. Nc1 Kd6
34. Nd3 Nce5 35. Nf2 Nc6 36. Nd3 Nce5 37. Bf4 f6 38. h4 Ke7 39. Nxe5 Nxe5 40.
Kc3 Nc6 41. Be3 Kd6 42. b4 Ne5 43. Bc5+ Kd7 44. Bf8 g6 45. Bc5 Ke8 46. Bd4 Nd7
47. Bf1 Kf7 48. Be2 Ne5 49. Bd1 Ke7 50. g4 Nf7 51. Bc5+ Kd7 52. Bf8 e5 53. Bg7
Ke6 54. Bb3+ Ke7 55. Kd3 h6 56. Bxf7 Kxf7 57. Bxh6 Bc6 58. Ke3 Ke6 59. Kf2 Be8
60. Kg3 Bf7 61. f4 exf4+ 62. Kxf4 Be8 63. Bg7 Kf7 64. Bh8 Ke6 65. Ke3 Bd7 66.
Kf3 Bc6 67. Kf4 Be8 68. e5 fxe5+ 69. Bxe5 Bc6 70. Bc3 Kf7 71. Kg5 Bf3 72. h5
gxh5 73. gxh5 Kg8 74. h6 1/2-1/2

[Event "Tradewise Gibraltar Masters 14th"]
[Site "Gibraltar"]
[Date "2016.02.04"]
[Round "10.8"]
[White "Sutovsky, Emil"]
[Black "Bachmann, Axel"]
[Result "1-0"]
[WhiteElo "2647"]
[BlackElo "2610"]
[PlyCount "125"]
[EventDate "2016.01.26"]
[EventType "swiss"]
[EventRounds "10"]
[EventCountry "GGB"]
[Source "www.saund.co.uk"]
[SourceDate "2005.02.07"]

1. e4 e5 2. Nf3 Nc6 3. Bb5 a6 4. Ba4 Nf6 5. O-O Be7 6. Re1 b5 7. Bb3 d6 8. c3
O-O 9. d4 Bg4 10. Be3 exd4 11. cxd4 Na5 12. Bc2 c5 13. h3 Bh5 14. g4 Bg6 15.
Nbd2 Rc8 16. d5 c4 17. Bd4 Nd7 18. b4 cxb3 19. axb3 Bf6 20. b4 Bxd4 21. Nxd4
Qb6 22. N2f3 Nc4 23. Nc6 Rfe8 24. Qd4 Rxc6 25. dxc6 Nde5 26. Qc3 h5 27. Nxe5
Nxe5 28. g5 Rc8 29. Bb3 Rxc6 30. Qe3 Qc7 31. Bd5 Rc3 32. Rec1 Nf3+ 33. Kf1 Rxe3
34. Rxc7 Nd2+ 35. Kg2 Rd3 36. Rxa6 Nxe4 37. Bxf7+ Bxf7 38. Ra8+ Kh7 39. Rxf7
Nxg5 40. Rf5 Kg6 41. Rxb5 Nxh3 42. Rf8 Ng5 43. Rf4 Ne6 44. Re4 Kf6 45. Rxh5 d5
46. Rg4 g5 47. Rh3 Rd1 48. Rb3 Kf5 49. Rgg3 d4 50. Kh2 Nf4 51. Rg1 Rd2 52. Rf1
Rc2 53. b5 Rc8 54. Rd1 d3 55. Kg3 Rh8 56. f3 Rh3+ 57. Kf2 g4 58. fxg4+ Kxg4 59.
Rg1+ Kf5 60. b6 d2 61. Rxh3 Nxh3+ 62. Ke2 Nxg1+ 63. Kd1 1-0

[Event "Tradewise Gibraltar Masters 14th"]
[Site "Gibraltar"]
[Date "2016.02.04"]
[Round "10.9"]
[White "Lalith, Babu M R"]
[Black "Rapport, Richard"]
[Result "0-1"]
[WhiteElo "2553"]
[BlackElo "2721"]
[PlyCount "94"]
[EventDate "2016.01.26"]
[EventType "swiss"]
[EventRounds "10"]
[EventCountry "GGB"]
[Source "www.saund.co.uk"]
[SourceDate "2005.02.07"]

1. d4 f5 2. Nf3 Nf6 3. c4 g6 4. Nc3 Bg7 5. Bf4 c5 6. e3 Ne4 7. Rc1 Nc6 8. Be2
d6 9. d5 Nxc3 10. bxc3 e5 11. dxe6 Bxe6 12. Qxd6 Qxd6 13. Bxd6 b6 14. Ng5 Bg8
15. Bf3 O-O-O 16. Bxc6 Rxd6 17. Bd5 Bxd5 18. cxd5 Rxd5 19. c4 Rd3 20. Ke2 Ra3
21. Rc2 Re8 22. Rd1 Re7 23. Nxh7 f4 24. Rd3 Rxd3 25. Kxd3 fxe3 26. f3 b5 27.
Ng5 b4 28. Re2 Bd4 29. Nh3 a5 30. Nf4 a4 31. Nd5 Re6 32. Kc2 Rd6 33. Kd3 Kd8
34. h4 Rd7 35. g4 Rb7 36. Kc2 b3+ 37. Kb1 Rh7 38. Rh2 e2 39. Rxe2 Rxh4 40. axb3
axb3 41. Re1 Rh2 42. Nf4 Bc3 43. Rd1+ Ke8 44. Nd5 Bh8 45. g5 Rb2+ 46. Kc1 Ra2
47. Ne3 Bc3 0-1

[Event "Tradewise Gibraltar Masters 14th"]
[Site "Gibraltar"]
[Date "2016.02.04"]
[Round "10.10"]
[White "Wojtaszek, Radoslaw"]
[Black "Tari, Aryan"]
[Result "1/2-1/2"]
[WhiteElo "2727"]
[BlackElo "2556"]
[PlyCount "60"]
[EventDate "2016.01.26"]
[EventType "swiss"]
[EventRounds "10"]
[EventCountry "GGB"]
[Source "www.saund.co.uk"]
[SourceDate "2005.02.07"]

1. d4 Nf6 2. c4 g6 3. Nc3 d5 4. Bg5 Bg7 5. Bxf6 Bxf6 6. cxd5 c6 7. e4 O-O 8. e5
Bg7 9. Bc4 b5 10. Bb3 b4 11. Nce2 cxd5 12. h4 h6 13. Nf4 e6 14. Nf3 Ba6 15. Rc1
Nd7 16. Nd3 Qe7 17. Qd2 Bxd3 18. Qxd3 Rfc8 19. O-O h5 20. Qa6 Nb6 21. g3 Bh6
22. Rxc8+ Rxc8 23. Ne1 Qd7 24. Nd3 Bf8 25. Rc1 Rxc1+ 26. Nxc1 Qc8 27. Qxc8 Nxc8
28. f4 Be7 29. Kf2 Bd8 30. Bc2 Bb6 1/2-1/2

[Event "Tradewise Gibraltar Masters 14th"]
[Site "Gibraltar"]
[Date "2016.02.04"]
[Round "10.11"]
[White "Tregubov, Pavel V"]
[Black "Fressinet, Laurent"]
[Result "0-1"]
[WhiteElo "2582"]
[BlackElo "2700"]
[PlyCount "136"]
[EventDate "2016.01.26"]
[EventType "swiss"]
[EventRounds "10"]
[EventCountry "GGB"]
[Source "www.saund.co.uk"]
[SourceDate "2005.02.07"]

1. c4 e5 2. Nc3 Nf6 3. Nf3 Nc6 4. g3 d5 5. cxd5 Nxd5 6. Bg2 Nb6 7. O-O Be7 8.
b3 O-O 9. Bb2 Re8 10. Rc1 Bf8 11. d3 Bg4 12. h3 Bh5 13. Ne4 f6 14. Nc5 Bxc5 15.
Rxc5 Qd6 16. Qc1 Bf7 17. Nh4 Nd5 18. Nf5 Qd7 19. Ne3 Nxe3 20. Qxe3 Nd8 21. Rc2
c6 22. f4 Bd5 23. fxe5 fxe5 24. Kh2 Nf7 25. Bxd5 cxd5 26. Rfc1 d4 27. Qe4 Ng5
28. Qg2 Ne6 29. Ba3 a5 30. h4 b5 31. Bc5 Ra6 32. b4 a4 33. Qe4 Rc6 34. a3 h6
35. Rf1 Nc7 36. e3 dxe3 37. Qxe3 Nd5 38. Qe2 Nf6 39. Rd2 Rd8 40. Rdd1 Re6 41.
Qf3 Qd5 42. Qxd5 Rxd5 43. Kg2 Re8 44. Kf3 Red8 45. Ke2 Kf7 46. g4 Ke6 47. g5
hxg5 48. hxg5 Nh5 49. Ke3 Ng3 50. Rfe1 Nf5+ 51. Ke2 Rh8 52. Bf2 Rh2 53. Rc1
Nd4+ 54. Kf1 Rh1+ 55. Kg2 Rxe1 56. Bxe1 Ne2 57. Rc6+ Kf5 58. Rc5 Nf4+ 59. Kf1
Rxd3 60. Rxb5 Rf3+ 61. Kg1 Rxa3 62. Bd2 Ra2 63. Be3 Ke4 64. Ba7 a3 65. Ra5 Rg2+
66. Kh1 a2 67. Bb8 Rb2 68. Bxe5 a1=Q+ 0-1

[Event "Tradewise Gibraltar Masters 14th"]
[Site "Gibraltar"]
[Date "2016.02.04"]
[Round "10.12"]
[White "Grigoriants, Sergey"]
[Black "Ni Hua"]
[Result "1/2-1/2"]
[WhiteElo "2580"]
[BlackElo "2697"]
[PlyCount "69"]
[EventDate "2016.01.26"]
[EventType "swiss"]
[EventRounds "10"]
[EventCountry "GGB"]
[Source "www.saund.co.uk"]
[SourceDate "2005.02.07"]

1. Nf3 d5 2. g3 Bg4 3. Bg2 c6 4. O-O Nf6 5. d3 Nbd7 6. h3 Bh5 7. Bf4 e6 8. Nbd2
Bc5 9. Nb3 Be7 10. c4 O-O 11. Rc1 Re8 12. Qc2 a5 13. cxd5 Nxd5 14. Bd2 a4 15.
Nbd4 Bg6 16. e4 Nb4 17. Qb1 Qb6 18. Ne2 e5 19. Rc4 c5 20. a3 Nc6 21. Nc3 Nd4
22. Rxa4 Rxa4 23. Nxa4 Qe6 24. Nh2 c4 25. dxc4 Qxc4 26. Nc3 h5 27. Kh1 Nc5 28.
Be3 Qb3 29. Nf3 Nxf3 30. Bxf3 Ne6 31. Bd1 Qc4 32. Be2 Qb3 33. Bd1 Qc4 34. Be2
Qb3 35. Bd1 1/2-1/2

[Event "Tradewise Gibraltar Masters 14th"]
[Site "Gibraltar"]
[Date "2016.02.04"]
[Round "10.13"]
[White "Perez Ponsa, Federico"]
[Black "Howell, David"]
[Result "1-0"]
[WhiteElo "2577"]
[BlackElo "2685"]
[PlyCount "115"]
[EventDate "2016.01.26"]
[EventType "swiss"]
[EventRounds "10"]
[EventCountry "GGB"]
[Source "www.saund.co.uk"]
[SourceDate "2005.02.07"]

1. d4 Nf6 2. c4 g6 3. Nc3 d5 4. cxd5 Nxd5 5. e4 Nxc3 6. bxc3 Bg7 7. Nf3 c5 8.
Rb1 O-O 9. Be2 b6 10. O-O Qc7 11. Be3 Bb7 12. Bd3 Nd7 13. e5 Bd5 14. Ng5 Bxa2
15. Ra1 Bd5 16. Qg4 c4 17. Bc2 Qc6 18. Qh4 h6 19. Nh3 Bxg2 20. f3 Bxf1 21. Be4
Qb5 22. Rxf1 h5 23. Rb1 Qa5 24. Nf4 e6 25. Nxh5 gxh5 26. Kh1 Qxc3 27. Qg5 Nxe5
28. Rc1 Qb2 29. Rc2 Qa1+ 30. Rc1 Qb2 31. Rc2 Nxf3 32. Bh7+ Kxh7 33. Qxh5+ Kg8
34. Rxb2 Nxd4 35. Bxd4 f6 36. Rg2 Rf7 37. Qg4 e5 38. Be3 f5 39. Qxc4 f4 40. Bf2
Rd8 41. h4 Kf8 42. Qb4+ Kg8 43. h5 Kh8 44. Qe4 f3 45. Rg1 Rd6 46. Qa8+ Kh7 47.
Qe8 Rc7 48. Be3 Rf6 49. Qxe5 Rcf7 50. Qe4+ Kh8 51. h6 f2 52. hxg7+ Rxg7 53.
Qe8+ Kh7 54. Rxg7+ Kxg7 55. Qe7+ Kg6 56. Qe4+ Kf7 57. Qc4+ Ke8 58. Qf1 1-0

[Event "Tradewise Gibraltar Masters 14th"]
[Site "Gibraltar"]
[Date "2016.02.04"]
[Round "10.14"]
[White "Almasi, Zoltan"]
[Black "Gopal, Geetha Narayanan"]
[Result "1-0"]
[WhiteElo "2684"]
[BlackElo "2525"]
[PlyCount "107"]
[EventDate "2016.01.26"]
[EventType "swiss"]
[EventRounds "10"]
[EventCountry "GGB"]
[Source "www.saund.co.uk"]
[SourceDate "2005.02.07"]

1. Nf3 d5 2. g3 g6 3. c4 dxc4 4. Na3 Bg7 5. Nxc4 Nc6 6. d3 e5 7. Bd2 Nge7 8.
Bg2 a5 9. O-O O-O 10. Bc3 f6 11. Qc2 Be6 12. Rfd1 Qd7 13. Ncd2 b6 14. Rac1 Rac8
15. e3 Nd5 16. a3 Rfd8 17. d4 Qf7 18. dxe5 Nxc3 19. Qxc3 Nxe5 20. Nxe5 fxe5 21.
Ne4 h6 22. Qc6 Kh8 23. h4 Rd7 24. Rxd7 Qxd7 25. Kh2 Qxc6 26. Rxc6 Bf5 27. Nc3
e4 28. Bxe4 Bxe4 29. Nxe4 Bxb2 30. a4 Re8 31. Nd2 Rf8 32. Kg2 Rf7 33. Rxg6 Rf6
34. Rg4 Re6 35. Kf3 Bc3 36. Nc4 Bb4 37. Ke2 Bc5 38. Kd3 Rf6 39. Ke2 c6 40. Re4
Kg7 41. g4 Rf8 42. Re6 Rc8 43. f4 b5 44. axb5 cxb5 45. Nxa5 b4 46. Nb3 Bf8 47.
Rb6 Rc2+ 48. Kf3 Rc3 49. Nd4 Kf7 50. Rb7+ Ke8 51. g5 Bc5 52. Nf5 hxg5 53. hxg5
b3 54. g6 1-0

[Event "Tradewise Gibraltar Masters 14th"]
[Site "Gibraltar"]
[Date "2016.02.04"]
[Round "10.15"]
[White "Oparin, Grigoriy"]
[Black "Short, Nigel D"]
[Result "1/2-1/2"]
[WhiteElo "2565"]
[BlackElo "2684"]
[PlyCount "95"]
[EventDate "2016.01.26"]
[EventType "swiss"]
[EventRounds "10"]
[EventCountry "GGB"]
[Source "www.saund.co.uk"]
[SourceDate "2005.02.07"]

1. e4 e5 2. Nf3 Nc6 3. Bb5 a6 4. Ba4 Nf6 5. O-O Be7 6. Re1 b5 7. Bb3 d6 8. c3
O-O 9. h3 Bb7 10. d4 Nd7 11. Nbd2 exd4 12. cxd4 Re8 13. Nf1 Na5 14. Bc2 c5 15.
d5 Nc4 16. b3 Bf6 17. Rb1 Nce5 18. N3h2 a5 19. Ng3 Ng6 20. Nf5 Ndf8 21. Ng4 Nh4
22. Nxf6+ Qxf6 23. Ng3 Bc8 24. Re3 Nhg6 25. Nh5 Qh4 26. Bb2 f6 27. Rg3 Ra7 28.
f4 Nxf4 29. Nxf6+ Kh8 30. Qe1 Ree7 31. Kh2 N8g6 32. Ng4 Bxg4 33. Rxg4 Qxe1 34.
Rxe1 Nxd5 35. Bd3 Rab7 36. Rg5 Nb4 37. Bf1 Re6 38. Rd1 h6 39. Rg3 Nxa2 40. Ra1
Nb4 41. Rxa5 Kh7 42. Rxb5 Rxb5 43. Bxb5 Rxe4 44. Bd7 Rf4 45. Be8 Ne5 46. Bxe5
dxe5 47. Bg6+ Kg8 48. Rc3 1/2-1/2

[Event "Tradewise Gibraltar Masters 14th"]
[Site "Gibraltar"]
[Date "2016.02.04"]
[Round "10.16"]
[White "Muzychuk, Mariya"]
[Black "Bruzon Batista, Lazaro"]
[Result "0-1"]
[WhiteElo "2554"]
[BlackElo "2666"]
[PlyCount "72"]
[EventDate "2016.01.26"]
[EventType "swiss"]
[EventRounds "10"]
[EventCountry "GGB"]
[Source "www.saund.co.uk"]
[SourceDate "2005.02.07"]

1. e4 c5 2. Nf3 d6 3. d4 cxd4 4. Nxd4 Nf6 5. Nc3 a6 6. g3 e6 7. Bg2 Be7 8. O-O
O-O 9. Be3 Qc7 10. g4 Re8 11. g5 Nfd7 12. f4 Bf8 13. h4 Nc6 14. h5 Nxd4 15.
Qxd4 b5 16. Rad1 Bb7 17. Qd2 Rad8 18. Qf2 b4 19. Nb1 a5 20. Rc1 Nc5 21. Nd2 Rd7
22. b3 d5 23. exd5 exd5 24. Bd4 Ne6 25. Rfe1 Rdd8 26. Be5 Bd6 27. Bxd6 Qxd6 28.
g6 fxg6 29. hxg6 Nxf4 30. gxh7+ Kh8 31. Nf3 d4 32. Nh4 Rf8 33. Qd2 Bxg2 34.
Nxg2 Nh3+ 35. Kh1 Nf2+ 36. Kg1 Ng4 0-1

[Event "Tradewise Gibraltar Masters 14th"]
[Site "Gibraltar"]
[Date "2016.02.04"]
[Round "10.17"]
[White "Shvayger, Yuliya"]
[Black "Kamsky, Gata"]
[Result "0-1"]
[WhiteElo "2381"]
[BlackElo "2665"]
[PlyCount "52"]
[EventDate "2016.01.26"]
[EventType "swiss"]
[EventRounds "10"]
[EventCountry "GGB"]
[Source "www.saund.co.uk"]
[SourceDate "2005.02.07"]

1. e4 c5 2. Nf3 e6 3. d4 cxd4 4. Nxd4 a6 5. c4 Bc5 6. Nb3 Be7 7. Nc3 d6 8. Qg4
Nf6 9. Qxg7 Rg8 10. Qh6 Nc6 11. Qd2 Bd7 12. f4 e5 13. f5 a5 14. Qd1 Qb6 15. h3
Rg3 16. Nd2 Nd4 17. Nf3 Bc6 18. Qd3 Nd7 19. Kd1 Nc5 20. Qe3 Ncb3 21. Rb1 Nxc1
22. Qxc1 Nxf3 23. gxf3 Bg5 24. Qc2 Rxf3 25. h4 Qd4+ 26. Ke1 Bf4 0-1

[Event "Tradewise Gibraltar Masters 14th"]
[Site "Gibraltar"]
[Date "2016.02.04"]
[Round "10.18"]
[White "Duda, Jan-Krzysztof"]
[Black "Tan, Zhongyi"]
[Result "1/2-1/2"]
[WhiteElo "2660"]
[BlackElo "2504"]
[PlyCount "94"]
[EventDate "2016.01.26"]
[EventType "swiss"]
[EventRounds "10"]
[EventCountry "GGB"]
[Source "www.saund.co.uk"]
[SourceDate "2005.02.07"]

1. d4 Nf6 2. c4 e6 3. Nf3 b6 4. g3 Bb7 5. Bg2 Bb4+ 6. Bd2 Bxd2+ 7. Qxd2 O-O 8.
O-O d6 9. Qf4 Nh5 10. Qc1 Nf6 11. Re1 Nbd7 12. Nc3 c5 13. e4 cxd4 14. Nxd4 Ne5
15. Bf1 Rc8 16. b3 b5 17. Ncxb5 Nxe4 18. Bg2 d5 19. Qc2 a6 20. Nc3 Nxc3 21.
Qxc3 Nd7 22. Qd2 Nf6 23. Rad1 Qb6 24. cxd5 Bxd5 25. Bxd5 Nxd5 26. Rc1 Rfd8 27.
Rxc8 Rxc8 28. Rc1 Rxc1+ 29. Qxc1 g6 30. Nc6 h5 31. Qc4 Qb7 32. a4 h4 33. gxh4
Nb6 34. Qc5 Qd7 35. Kg2 Qd1 36. Ne7+ Kh7 37. Qg5 Nd5 38. Nxd5 exd5 39. b4 Qxa4
40. Qxd5 Qxb4 41. Qxf7+ Kh6 42. Kh3 Qc3+ 43. f3 a5 44. Qf8+ Kh7 45. Qf7+ Kh6
46. Qf8+ Kh7 47. Qf7+ Kh6 1/2-1/2

[Event "Tradewise Gibraltar Masters 14th"]
[Site "Gibraltar"]
[Date "2016.02.04"]
[Round "10.19"]
[White "Libiszewski, Fabien"]
[Black "Ganguly, Surya Shekhar"]
[Result "1/2-1/2"]
[WhiteElo "2515"]
[BlackElo "2660"]
[PlyCount "44"]
[EventDate "2016.01.26"]
[EventType "swiss"]
[EventRounds "10"]
[EventCountry "GGB"]
[Source "www.saund.co.uk"]
[SourceDate "2005.02.07"]

1. e4 c5 2. Nf3 e6 3. d4 cxd4 4. Nxd4 Nc6 5. Nc3 Qc7 6. Be2 Nf6 7. O-O Be7 8.
Be3 O-O 9. f4 d6 10. Qe1 Nxd4 11. Bxd4 e5 12. fxe5 dxe5 13. Qg3 Bc5 14. Bxc5
Qxc5+ 15. Kh1 Kh8 16. Rxf6 gxf6 17. Qh4 Rg8 18. Qxf6+ Rg7 19. Qd8+ Rg8 20. Qf6+
Rg7 21. Qd8+ Rg8 22. Qf6+ Rg7 1/2-1/2

[Event "Tradewise Gibraltar Masters 14th"]
[Site "Gibraltar"]
[Date "2016.02.04"]
[Round "10.20"]
[White "Muzychuk, Anna"]
[Black "Salem, AR Saleh"]
[Result "1-0"]
[WhiteElo "2537"]
[BlackElo "2627"]
[PlyCount "117"]
[EventDate "2016.01.26"]
[EventType "swiss"]
[EventRounds "10"]
[EventCountry "GGB"]
[Source "www.saund.co.uk"]
[SourceDate "2005.02.07"]

1. e4 c5 2. Nf3 d6 3. d4 cxd4 4. Nxd4 Nf6 5. Nc3 a6 6. Be3 Ng4 7. Bg5 h6 8. Bh4
g5 9. Bg3 Bg7 10. h3 Ne5 11. Nf5 Bxf5 12. exf5 Nbd7 13. Be2 Rc8 14. Nd5 Nc4 15.
Bxc4 Rxc4 16. O-O Ne5 17. c3 Rc5 18. f4 gxf4 19. Bxf4 h5 20. Be3 Rc6 21. Bg5
Bf6 22. Bxf6 exf6 23. Qb3 b5 24. a4 Rc5 25. Qd1 Kf8 26. b4 Rc4 27. axb5 axb5
28. Ra5 h4 29. Rxb5 Rg8 30. Qh5 Kg7 31. Ra5 Rh8 32. Qe2 Qb8 33. Nxf6 Rxc3 34.
Nd5 Rcc8 35. f6+ Kf8 36. Rfa1 Re8 37. Qa6 Rh5 38. Rb5 Qd8 39. Qb7 Rg5 40. Rba5
Qd7 41. Qxd7 Nxd7 42. Nc7 Rxa5 43. bxa5 Rc8 44. a6 Rxc7 45. a7 Rxa7 46. Rxa7
Nxf6 47. Ra4 Ke7 48. Rxh4 Ke6 49. Kf2 Ke5 50. Kf3 d5 51. Rh8 d4 52. Rd8 Nh5 53.
Re8+ Kd5 54. Re7 f5 55. g4 Kd6 56. Re1 fxg4+ 57. hxg4 Ng7 58. Ke4 Ne6 59. Rd1
1-0

[Event "Tradewise Gibraltar Masters 14th"]
[Site "Gibraltar"]
[Date "2016.02.04"]
[Round "10.21"]
[White "Edouard, Romain"]
[Black "Ly, Moulthun"]
[Result "1-0"]
[WhiteElo "2617"]
[BlackElo "2474"]
[PlyCount "97"]
[EventDate "2016.01.26"]
[EventType "swiss"]
[EventRounds "10"]
[EventCountry "GGB"]
[Source "www.saund.co.uk"]
[SourceDate "2005.02.07"]

1. e4 c5 2. Nf3 e6 3. d4 cxd4 4. Nxd4 Nc6 5. Nc3 Qc7 6. Be3 a6 7. Qd2 Nf6 8. f4
Bb4 9. Bd3 Na5 10. a3 Bxc3 11. Qxc3 Qxc3+ 12. bxc3 d5 13. exd5 exd5 14. Nb3 Nc4
15. Bd4 Ne4 16. O-O O-O 17. Rfe1 Ncd6 18. Nc5 Rd8 19. Na4 b5 20. Nb6 Rb8 21.
Nxd5 Bb7 22. Bxe4 Nxe4 23. Rxe4 Bxd5 24. Re7 Re8 25. Rae1 Bc6 26. Kf2 Rxe7 27.
Rxe7 Re8 28. Rc7 Bd5 29. g4 h6 30. h4 Re4 31. Kg3 Re2 32. g5 Rg2+ 33. Kh3 hxg5
34. hxg5 Kh7 35. Ra7 Rxc2 36. f5 g6 37. Rxa6 Be4 38. Kg3 Re2 39. Kf4 Bd3 40.
fxg6+ Bxg6 41. Ra8 f6 42. gxf6 Bf7 43. Rb8 Ra2 44. Rb7 Kg6 45. Rxb5 Rxa3 46.
Rg5+ Kh6 47. Rg7 Ba2 48. Kg3 Kh5 49. f7 1-0

[Event "Tradewise Gibraltar Masters 14th"]
[Site "Gibraltar"]
[Date "2016.02.04"]
[Round "10.22"]
[White "Nakar, Eylon"]
[Black "Gupta, Abhijeet"]
[Result "0-1"]
[WhiteElo "2479"]
[BlackElo "2613"]
[PlyCount "86"]
[EventDate "2016.01.26"]
[EventType "swiss"]
[EventRounds "10"]
[EventCountry "GGB"]
[Source "www.saund.co.uk"]
[SourceDate "2005.02.07"]

1. e4 c5 2. Nf3 e6 3. d4 cxd4 4. Nxd4 Nc6 5. Nc3 Qc7 6. Be3 a6 7. Qf3 Nf6 8.
O-O-O Ne5 9. Qg3 b5 10. f4 Neg4 11. Bg1 b4 12. Na4 Nh6 13. e5 Nd5 14. Nb3 Bb7
15. Nac5 Bc6 16. Bd3 a5 17. Nd4 g6 18. Nxc6 Qxc6 19. Nb3 Nf5 20. Qf3 a4 21. Nd4
Nxd4 22. Bxd4 Rc8 23. Be4 Qc4 24. Kb1 Nc3+ 25. Bxc3 bxc3 26. Qxc3 Qxc3 27. bxc3
Ba3 28. Ka1 Ke7 29. Rd4 Rxc3 30. Rxa4 Rb8 31. Rb1 Rxb1+ 32. Kxb1 Re3 33. c3
Rxc3 34. Bc2 h5 35. Re4 h4 36. Re2 Rc4 37. g3 Rc3 38. gxh4 Rf3 39. h5 Rf1+ 40.
Bd1 Rxd1+ 41. Kc2 Rf1 42. h6 Rxf4 43. Re3 Rf2+ 0-1

[Event "Tradewise Gibraltar Masters 14th"]
[Site "Gibraltar"]
[Date "2016.02.04"]
[Round "10.23"]
[White "Lenic, Luka"]
[Black "Gledura, Benjamin"]
[Result "1/2-1/2"]
[WhiteElo "2611"]
[BlackElo "2515"]
[PlyCount "118"]
[EventDate "2016.01.26"]
[EventType "swiss"]
[EventRounds "10"]
[EventCountry "GGB"]
[Source "www.saund.co.uk"]
[SourceDate "2005.02.07"]

1. Nf3 Nf6 2. c4 g6 3. g3 Bg7 4. Bg2 O-O 5. O-O c6 6. d3 d5 7. Qc2 b6 8. e4
dxe4 9. dxe4 Bg4 10. Ne5 Be6 11. Rd1 Qc8 12. f4 b5 13. cxb5 cxb5 14. Qxc8 Rxc8
15. Nc3 Ng4 16. Nd5 Kf8 17. Nf3 Nc6 18. h3 Nf6 19. Ng5 Bxd5 20. exd5 Nb4 21. d6
Rab8 22. Be3 Nc2 23. Bxa7 Nxa1 24. dxe7+ Kxe7 25. Rxa1 h6 26. Bxb8 Rxb8 27. Nf3
Nh5 28. Re1+ Kf8 29. Ne5 Bxe5 30. Rxe5 Nxg3 31. Kf2 Nf5 32. Rc5 Nd6 33. Rc7 g5
34. Bd5 Ke8 35. Kf3 Kd8 36. Ra7 Rc8 37. Bxf7 Nxf7 38. Rxf7 Rc2 39. fxg5 hxg5
40. b4 Rxa2 41. Rf5 Rb2 42. Rxb5 Ke7 43. Rb6 Kf7 44. b5 Rb4 45. Rb8 Kg7 46. b6
Kh7 47. Ke3 Rb3+ 48. Kd4 Rxh3 49. Rd8 Rb3 50. Rd6 g4 51. Kc4 Rb2 52. Kc5 g3 53.
Rd3 g2 54. Rg3 Kh6 55. Kc6 Kh5 56. b7 Rc2+ 57. Kd7 Rd2+ 58. Kc7 Rc2+ 59. Kb6
Rb2+ 1/2-1/2

[Event "Tradewise Gibraltar Masters 14th"]
[Site "Gibraltar"]
[Date "2016.02.04"]
[Round "10.25"]
[White "Sandipan, Chanda"]
[Black "Gunina, Valentina"]
[Result "1-0"]
[WhiteElo "2583"]
[BlackElo "2496"]
[PlyCount "89"]
[EventDate "2016.01.26"]
[EventType "swiss"]
[EventRounds "10"]
[EventCountry "GGB"]
[Source "www.saund.co.uk"]
[SourceDate "2005.02.07"]

1. e4 c6 2. d4 d5 3. exd5 cxd5 4. Bf4 Nc6 5. c3 Nf6 6. Nd2 Bf5 7. Qb3 Qc8 8.
Ngf3 e6 9. Nh4 Be4 10. Nxe4 Nxe4 11. Nf3 Be7 12. Bd3 O-O 13. O-O f5 14. Rae1 g5
15. Bc1 g4 16. Nd2 Qc7 17. Nxe4 fxe4 18. Bxe4 dxe4 19. Qxe6+ Kh8 20. d5 Ne5 21.
Rxe4 Bf6 22. Bh6 Rae8 23. d6 Qc5 24. Qb3 Rg8 25. Qxb7 g3 26. hxg3 Rxg3 27. Rf4
Bg7 28. d7 Rg8 29. b4 Qxc3 30. fxg3 Bxh6 31. Qd5 Rd8 32. Qe6 Qe3+ 33. Kh1 Ng4
34. Qxg4 Bxf4 35. gxf4 Qd4 36. Rd1 Qxb4 37. Qg5 Qf8 38. Qe5+ Kg8 39. Qe6+ Kg7
40. f5 Qb4 41. f6+ Kg6 42. Qe7 Qh4+ 43. Kg1 Qc4 44. f7 Qf4 45. f8=Q 1-0

[Event "Tradewise Gibraltar Masters 14th"]
[Site "Gibraltar"]
[Date "2016.02.04"]
[Round "10.26"]
[White "Kelires, Andreas"]
[Black "Donchenko, Alexander"]
[Result "1-0"]
[WhiteElo "2444"]
[BlackElo "2570"]
[PlyCount "93"]
[EventDate "2016.01.26"]
[EventType "swiss"]
[EventRounds "10"]
[EventCountry "GGB"]
[Source "www.saund.co.uk"]
[SourceDate "2005.02.07"]

1. d4 Nf6 2. c4 e6 3. g3 c5 4. Nf3 cxd4 5. Nxd4 d5 6. Nc2 Qa5+ 7. Qd2 Qc5 8.
Qd4 dxc4 9. Bg2 Nc6 10. Qxc5 Bxc5 11. Nba3 c3 12. bxc3 Bd7 13. O-O Na5 14. Rb1
O-O-O 15. Nb4 Rhe8 16. Nd3 Bxa3 17. Bxa3 Bc6 18. Ne5 Bxg2 19. Kxg2 Rd5 20. f4
Ne4 21. c4 Rd2 22. Bb4 f6 23. Bxa5 Rxa2 24. Ra1 Rxa1 25. Rxa1 fxe5 26. fxe5 Rf8
27. Bb6 a6 28. Rd1 Re8 29. Rd4 Nc3 30. Ba5 Nxe2 31. Re4 Nc1 32. Re3 Kd7 33. Bd2
Na2 34. Ra3 Rc8 35. Rxa2 Rxc4 36. Kf3 Kc6 37. Ke3 Kd5 38. Ra5+ Rc5 39. Ra3 Kxe5
40. Bc3+ Kf5 41. Bxg7 e5 42. Kf3 h5 43. h3 e4+ 44. Ke3 Rc7 45. Bd4 Rc6 46. Rc3
a5 47. Rb3 1-0